Weakest European Union Passports - Statistics

General Stats
  • This quiz has been taken 241 times
  • The average score is 9 of 10
Answer Stats
Answer % Correct
Croatia
93%
Bulgaria
92%
Romania
91%
Slovakia
89%
Latvia
88%
Poland
88%
Estonia
86%
Greece
82%
Hungary
82%
Cyprus
70%
No matching quizzes found
Score Distribution
Percent of People with Each Score
Percentile by Number Answered
Your Score History
You have not taken this quiz